000 00831na a2200253 4500
001 20707
003 MIRAKIL
005 20181213155148.0
008 170126b tu 000 0
035 _a20707
040 _aMilas
_btur
_cTR-AnCHP
041 _atur
082 _a324.236
_bA52 1986
090 _a324.236 A52 1986
111 _aAnavatan Partisi Olağan Küçük Kongresi
_cAnkara
_d1986
_n2.
245 _aAnavatan Partisi 2. olağan küçük kongresi
_bfaaliyet raporu(2-24 Kasım 1986)
_cANAP
260 _aAnkara
_bANAP
_c1986
300 _a12 s.
_c20 sm.
610 _aAnavatan Partisi (ANAP)
_xPropaganda ve ideolojiler
610 _aAnavatan Partisi (ANAP)
_xOlağan kongreler, 1986
650 _aSiyasal partiler
_xParti türleri
_yLiberal partiler
_zTürkiye
710 _aAnavatan Partisi
942 _2ddc
_cBKS
999 _c7750
_d7750